000 00490nam a2200181Ia 4500
003 GCL
008 140319s9999 xx 000 0 ara d
040 _aGCL /
_cGCL
082 0 4 _a811.9
_bا ا
100 1 _aاحمد شوقى
245 1 0 _aاسواق الذهب /
_cاحمد شوقى
300 _a138 ص
490 _aكتاب
_v0
650 0 4 _aالادب العربى
650 0 4 _aاحمد شوقى
650 0 4 _aالنثر العربى - العصر الحديث
942 _2ddc
_cBK
999 _c41535
_d41535